al-Islām ʻalá muftaraq al-ṭuruq / (Record no. 20385)

MARC details
000 -LEADER
fixed length control field 00911cam a2200277 a 4500
001 - CONTROL NUMBER
control field 958701
003 - CONTROL NUMBER IDENTIFIER
control field BDDh-ASL
005 - DATE AND TIME OF LATEST TRANSACTION
control field 20231015025900.0
008 - FIXED-LENGTH DATA ELEMENTS--GENERAL INFORMATION
fixed length control field 840425s1987 le b 000 0 arar
010 ## - LIBRARY OF CONGRESS CONTROL NUMBER
LC control number 84154445
040 ## - CATALOGING SOURCE
Original cataloging agency DLC
Transcribing agency DLC
Modifying agency DLC
-- BDDh-ASL
041 1# - LANGUAGE CODE
Language code of text/sound track or separate title araeng
050 00 - LIBRARY OF CONGRESS CALL NUMBER
Classification number BP163
Item number .A7312 1977
082 ## - DEWEY DECIMAL CLASSIFICATION NUMBER
Classification number 297.09
Item number MUI
100 1# - MAIN ENTRY--PERSONAL NAME
Personal name Asad, Muhammad,
Dates associated with a name 1900-1992.
240 10 - UNIFORM TITLE
Uniform title Islam at the crossroads /
Language of a work Arabic
245 13 - TITLE STATEMENT
Title al-Islām ʻalá muftaraq al-ṭuruq /
Statement of responsibility, etc. taʼlīf Muḥammad Asad ; naqalahu ilá al-ʻArabīyah ʻUmar Farrūkh.
250 ## - EDITION STATEMENT
Edition statement al-Ṭabʻah 9.
260 ## - PUBLICATION, DISTRIBUTION, ETC.
Place of publication, distribution, etc. Bayrūt :
Name of publisher, distributor, etc. Dār al-ʻIlm lil-Malāyīn,
Date of publication, distribution, etc. 1987.
300 ## - PHYSICAL DESCRIPTION
Extent 160 p. ;
Dimensions 20 cm.
500 ## - GENERAL NOTE
General note Translation of: Islam at the crossroads.
504 ## - BIBLIOGRAPHY, ETC. NOTE
Bibliography, etc. note Includes bibliographical references.
650 #0 - SUBJECT ADDED ENTRY--TOPICAL TERM
Topical term or geographic name entry element Islam
Chronological subdivision 20th century.
906 ## - LOCAL DATA ELEMENT F, LDF (RLIN)
a 7
b cbc
c orignew
d 4
e ncip
f 19
g y-gencatlg
942 ## - ADDED ENTRY ELEMENTS (KOHA)
Source of classification or shelving scheme Dewey Decimal Classification
Koha item type Books
Holdings
Withdrawn status Lost status Source of classification or shelving scheme Damaged status Not for loan Collection code Home library Current library Shelving location Date acquired Source of acquisition Total Checkouts Full call number Barcode Date last seen Copy number Price effective from Koha item type
    Dewey Decimal Classification     Non-fiction Asiatic Society Library Asiatic Society Library General Stacks 12/31/2020 ASB Collection   297.09 MUI 103822 12/31/2020 C-1 12/31/2020 Books

Powered by Koha